它们接壤吗? - Statistics

General Stats
  • This quiz has been taken 6 times
  • The average score is 5 of 22
Answers on the Grid
Answers color-coded by a green-red scale on the quiz's grid according to % correct below.
安阳--邯郸
上饶--池州
南平--福州
湛江--钦州
汉中--广元
酒泉--哈密
丹东--大连
南宁--玉林
哈尔滨--大庆
南宁--防城港
四平--通化
九江--岳阳
日照--连云港
泰安--濮阳
盘锦--沈阳
杭州--嘉兴
巴彦淖尔--乌海
南京--芜湖
黄冈--安庆
扬州--滁州
阿拉善--哈密
那曲--海西
淮北--徐州
岳阳--常德
曲靖--百色
上海--南通
遵义--泸州
克拉玛依--伊犁
海北--武威
三明--宁德
湖州--黄山
庆阳--宝鸡
 
Answer Stats
Answer % Correct
上饶--池州
75%
酒泉--哈密
75%
安阳--邯郸
50%
南平--福州
50%
汉中--广元
25%
丹东--大连
25%
哈尔滨--大庆
25%
南宁--防城港
25%
日照--连云港
25%
泰安--濮阳
25%
杭州--嘉兴
25%
黄冈--安庆
25%
曲靖--百色
25%
湖州--黄山
25%
九江--岳阳
0%
扬州--滁州
0%
那曲--海西
0%
淮北--徐州
0%
上海--南通
0%
遵义--泸州
0%
克拉玛依--伊犁
0%
海北--武威
0%
No matching quizzes found
Score Distribution
Percent of People with Each Score
Percentile by Number Answered
Your Score History
You have not taken this quiz